Wisconsonian Glatiation Map Quiz - Statistics

General Stats
  • This quiz has been taken 7 times
  • The average score is 9 of 15
Answers on the Map
Answers color-coded by a green-red scale on the quiz's map according to % correct below.
 
Answer Stats
State % Correct
Michigan
83%
North Dakota
83%
Ohio
83%
Wisconsin
83%
Illinois
67%
Indiana
67%
Iowa
67%
Minnesota
67%
South Dakota
67%
New Hampshire
50%
Pennsylvania
50%
Maine
33%
New York
33%
Vermont
33%
New Jersey
17%
No matching quizzes found
Score Distribution
Percent of People with Each Score
Percentile by Number Answered
Your Score History
You have not taken this quiz